| 000 | 00820nam a2200253 a 4500 | ||
|---|---|---|---|
| 005 | 20210219153329.0 | ||
| 008 | 991125n 000 0 u | ||
| 035 | _aUPN01000091605 | ||
| 100 | _aTHOMAS, Gail E. | ||
| 222 | _aHARVARD EDUCATIONAL REVIEW | ||
| 245 | _aParticipation and degree attainment of african-american and latino students in graduate education relative to other racial and ethnic groups : an update from office of civil rights data | ||
| 260 | _aMASSACHUSETTS, EUA | ||
| 300 | _a45-65 | ||
| 362 | _a1992 Vol. 62, No.1, spring | ||
| 653 | 0 | _aACCESO A LA EDUCACION | |
| 653 | 0 | _aALUMNOS | |
| 653 | 0 | _aAMERICA LATINA | |
| 653 | 0 | _aDERECHOS HUMANOS | |
| 653 | 0 | _aEDUCACION SUPERIOR | |
| 653 | 0 | _aGRADO ACADEMICO | |
| 653 | 0 | _a7. RAZA NEGRA | |
| 904 |
_aAC _b029416 |
||
| 905 | _aArticulo | ||
| 999 |
_c74042 _d74042 |
||